[Event "IECG QF.2004.0.00054"]
[Site "IECG email"]
[Date "2004.05.14"]
[Round "?"]
[White "James, Michael"]
[Black "Clift, Phil"]
[Result "1-0"]
[WhiteElo "1160"]
[BlackElo "1100"]
[PlyCount "21"]
[EventDate "2004.05.14"]
[EventType "tourn (corr)"]
[EventRounds "6"]
[SourceTitle "Corr 2024"]
[Source "ChessBase"]
[SourceDate "2023.10.19"]
[SourceVersion "1"]
[SourceVersionDate "2023.10.19"]
[SourceQuality "1"]

1. e4 Nc6 2. Nc3 e6 3. d4 d5 4. e5 f6 5. Bb5 Bd7 6. Nf3 a6 7. Ba4 fxe5 8. Bxc6 Bxc6 9. Nxe5 g5 10. Qh5+ Ke7 11. Bxg5+ 1-0

[Event "IECC KO-2056"]
[Site "IECC email"]
[Date "2004.04.25"]
[Round "?"]
[White "Depasse, Jean Marc"]
[Black "Clift, Phil"]
[Result "1-0"]
[WhiteElo "1496"]
[BlackElo "1228"]
[PlyCount "27"]
[EventDate "2004.??.??"]
[EventType "match (corr)"]
[EventRounds "2"]
[SourceTitle "Corr 2020"]
[Source "ChessBase"]
[SourceDate "2019.09.30"]
[SourceVersion "1"]
[SourceVersionDate "2019.09.30"]
[SourceQuality "1"]
[WhiteTeam "France"]
[BlackTeam "England"]
[WhiteTeamCountry "FRA"]
[BlackTeamCountry "ENG"]

1. e4 Nf6 2. e5 Ne4 3. d3 Nc5 4. d4 Ne6 5. f4 d5 6. f5 Nxd4 7. Qxd4 Nc6 8. Bb5 Bxf5 9. Ne2 Bxc2 10. Qc3 Bxb1 11. Bxc6+ bxc6 12. Qxc6+ Qd7 13. Qxa8+ Qd8 14. Qxd8+ 1-0

[Event "IECG CF.2003.0.00054 email"]
[Site "IECG email"]
[Date "2003.12.17"]
[Round "?"]
[White "Clift, Phil"]
[Black "Thurrott, Allan"]
[Result "0-1"]
[WhiteElo "1100"]
[BlackElo "1127"]
[PlyCount "54"]
[EventDate "2003.12.17"]
[EventType "tourn (corr)"]
[EventRounds "6"]
[SourceTitle "Corr 2008"]
[Source "ChessBase"]
[SourceDate "2008.06.24"]
[SourceVersion "1"]
[SourceVersionDate "2008.06.24"]
[SourceQuality "1"]

1. e4 e5 2. Nf3 Nc6 3. Nc3 Nf6 4. d4 exd4 5. Nxd4 Bb4 6. Bd3 Nxd4 7. a3 Bxc3+ 8. bxc3 Nc6 9. 0-0 d6 10. Re1 0-0 11. c4 Ne5 12. Be2 Nxe4 13. Qd4 Nc5 14. f4 Ng4 15. Bf3 Qh4 16. Bb2 Qxh2+ 17. Kf1 Qh1+ 18. Ke2 Qh6 19. Kd2 Bf5 20. Re7 Ne6 21. Qc3 Qxf4+ 22. Ke2 Qg5 23. Rxe6 fxe6 24. Rh1 Ne5 25. Bc1 Qg6 26. c5 Bg4 27. Rh4 Nxf3 0-1